Tomáš Medek /

Hlavní autor: Buchta, Jan, 1977-
Korporativní autor: Galerie Josefa Jambora (Tišnov, Česko)
Další autoři: Chamonikola, Kaliopi, 1954-, Kaclerová, Radka, Sylvestrová, Marta, 1955-, Danielová, Kateřina, Medek, Tomáš, 1969-, Galerie výtvarného umění (Hodonín, Česko)
Jazyk: Čeština
Angličtina
Vydáno: Tišnov : Tomáš Medek :Galerie Josefa Jambora - Městské kulturní středisko, 2021
Témata:
Fyzický popis: 159 stran : ilustrace (převážně barevné) ; 25 cm
Language note: Souběžný anglický text
Knihy
Uloženo v:
LEADER 03376nam a2200745 i 4500
001 nkc20213370562
003 CZ PrNK
005 20220324144413.0
007 ta
008 211111s2021 xr a e c 000 0dcze
015 |a cnb003370562 
020 |a 978-80-908189-1-0  |q (Městské kulturní středisko. Tišnov ;  |q brožováno) 
035 |a (OCoLC)1310113014 
040 |a OLA001  |b cze  |d BOA001  |d ABA001  |e rda 
041 1 |a cze  |a eng  |h cze 
043 |a e-xr--- 
045 |a y0y2 
072 7 |a 73  |x Sochařství, keramika, porcelán, umělecké zpracování kovů  |2 Konspekt  |9 21 
080 |a 730(437.3)  |2 MRF 
080 |a 7.038.544  |2 MRF 
080 |a 62-9:678.027.3  |2 MRF 
080 |a 7.036/.038  |2 MRF 
080 |a (437.3)  |2 MRF 
080 |a (083.824)  |2 MRF 
100 1 |a Buchta, Jan,  |d 1977-  |7 ola2002153630  |4 aut 
245 1 0 |a Tomáš Medek /  |c texty Jan Buchta, Kaliopi Chamonikola, Radka Kaclerová, Marta Sylvestrová ; anglický překlad Kateřina Danielová ; anglický překlad vlastního textu Radka Kaclerová 
246 1 |i Název v tiráži:  |a Tomáš Medek - struktury 
246 3 0 |a Struktury 
264 1 |a Tišnov :  |b Tomáš Medek :  |b Galerie Josefa Jambora - Městské kulturní středisko,  |c 2021 
300 |a 159 stran :  |b ilustrace (převážně barevné) ;  |c 25 cm 
336 |a text  |b txt  |2 rdacontent 
336 |a statický obraz  |b sti  |2 rdacontent 
337 |a bez média  |b n  |2 rdamedia 
338 |a svazek  |b nc  |2 rdacarrier 
500 |a "Publikace vychází u příležitosti projektu Tomáše Medka Struktury - Vetřelci 3D v Galerii Josefa Jambora v Tišnově (7.8.-10.10.2021) a následné výstavy Tomáš Medek Fructus (20.10.2021-9.1.2022) v Galerii výtvarného umění v Hodoníně"--Tiráž 
500 |a 600 výtisků 
500 |a Chronologický přehled 
504 |a Obsahuje bibliografické odkazy 
546 |a Souběžný anglický text 
600 1 7 |a Medek, Tomáš,  |d 1969-  |7 jn20000401766  |2 czenas 
648 7 |a 21. století  |7 ch460559  |2 czenas 
648 4 |a 2000-2020 
650 0 7 |a české sochařství  |7 ph128152  |y 21. století  |2 czenas 
650 0 7 |a objekty (umění)  |7 ph123590  |z Česko  |y 21. století  |2 czenas 
650 0 7 |a trojrozměrný tisk  |7 ph884112  |2 czenas 
650 0 7 |a moderní umění  |7 ph115340  |z Česko  |2 czenas 
650 0 9 |a Czech sculpture  |y 21st century  |2 eczenas 
650 0 9 |a objects (art)  |z Czechia  |y 21st century  |2 eczenas 
650 0 9 |a three-dimensional imaging  |2 eczenas 
650 0 9 |a modern art  |z Czechia  |2 eczenas 
655 7 |a katalogy výstav  |7 fd132536  |2 czenas 
655 9 |a exhibition catalogs  |2 eczenas 
700 1 |a Chamonikola, Kaliopi,  |d 1954-  |7 mzk2003187676  |4 aut 
700 1 |a Kaclerová, Radka  |7 ola20201090200  |4 aut  |4 trl 
700 1 |a Sylvestrová, Marta,  |d 1955-  |7 mzk2003200024  |4 aut 
700 1 |a Danielová, Kateřina  |7 xx0036180  |4 trl 
700 1 |a Medek, Tomáš,  |d 1969-  |7 jn20000401766  |4 ill  |4 pbl 
710 2 |a Galerie Josefa Jambora (Tišnov, Česko)  |7 mzk2018978658  |4 orm  |4 isb 
710 2 |a Galerie výtvarného umění (Hodonín, Česko)  |7 kn20020418029  |4 orm 
910 2 |a BOA001  |b 2-1480.344 
990 |a BK 
995 |a 01 
991 |b 202202  |c NOV 
996 6 |b 2610892388  |c 2-1480.344  |l MZK  |r Sklad / do 1 hodiny  |n 0  |p p.v.  |w 001876380  |u 000010  |a 1  |e BOA001  |j MZK50  |s P 
996 7 |b 2610892389  |c 2-1480.344  |l MZK  |r Sklad / do 1 hodiny  |n 1  |p p.v.  |w 001876380  |u 000020  |a 1  |e BOA001  |j MZK50  |s A